01170nam a2200205 a 450000100060000000300090000600800410001504000280005608200170008410000410010124500540014226000270019630000080022350503920023159001130062365000600073694200120079699900170080895201390082522598CO-ViMGA141112s2004 ck r 000 u spa d aCO-ViMGAbspacCO-ViMGA04a343.03 R377e1 aRestrepo Correa, León Jairo93213410aEnfoque jurídico del control fiscal en colombia aBogotá.Leyer, c2001 a292 aFundamentos constitucional del control fiscal en colombia 14 - 29 - - Ley 610 de 2000 32 - 56 - - El control fiscal y la participación ciudadana 32 - 56 - - Auditoria al aseguramiento de los bienes y obras 69 - 74 - - Control fiscal a las empresas de servicios públicos domiciliarios 75 - 86 - - Otras posiciones frente a la naturaleza del proceso de responsabilidad fiscal 89 - 95  aForma de adquisición : Compra - - Precio : 25.000 - - Proveedor : Dismet - - Fecha de adquisición : 200814aAUDITORIA FISCAL - ASPECTOS JURIDICOS - COLOMBIA932135 2ddccBK c30899d30899 00102ddc40708002aMEVIECARbMEVIECARd2015-12-04h11/jun/2009l0o343.03 R377e p22598r2015-12-04 00:00:00tEj. 1w2015-12-04yBK